| 000 | 00819nam a2200241 a 4500 | ||
|---|---|---|---|
| 001 | 000024793 | ||
| 005 | 20200930023355.0 | ||
| 008 | 110204s1982 mx ad r 000 0 spa d | ||
| 020 | _a9682411335 | ||
| 040 |
_aDO-SdBNP _bspa _cBNPHU |
||
| 082 |
_axxxxx _bS944f |
||
| 245 | 0 | 0 |
_aSuelos y Fertilización / _ctraducción F. Orozco Luna ; colaboración F. Kirchner Salinas , E. López González , Johan D. Berlijn. |
| 250 | _a1a reimp. | ||
| 260 |
_aMéxico, D. F. : _bTrillas, _c1982. |
||
| 300 |
_a80 p. : _bil., diagrs. ; _c23 cm. |
||
| 490 | 1 | _aArea: suelos y agua | |
| 700 | 1 |
_aOrozco Luna, F., _etr. _950875 |
|
| 700 | 1 |
_aKirchner Salinas, F., _ecol. _950876 |
|
| 700 | 1 |
_aLópez González, E., _ecol. _950877 |
|
| 700 | 1 |
_aBerlijn, Johan D., _ecol. _950878 |
|
| 830 | 0 |
_aArea: suelos y agua _950879 |
|
| 049 | _aBNGR | ||
| 999 |
_c24286 _d24286 |
||